000
00295nam a22001337a 4500
008
190225b xxu||||| |||| 00| 0 eng d
020
_a
210506
041
_a
eng
080
_a
541
100
_a
12
101
_a
KIM
245
_a
Chemistry. An Investigative Approach
_c
Cotton
942
_2
udc
_c
BK
999
_c
54241
_d
54241